<?xml version="1.0" encoding="UTF-8"?>
<record
    xmlns:xsi="http://www.w3.org/2001/XMLSchema-instance"
    xsi:schemaLocation="http://www.loc.gov/MARC21/slim http://www.loc.gov/standards/marcxml/schema/MARC21slim.xsd"
    xmlns="http://www.loc.gov/MARC21/slim">

  <leader>01004cam a22002297a 4500</leader>
  <controlfield tag="001">83386) </controlfield>
  <controlfield tag="003">BD-RjUL</controlfield>
  <controlfield tag="005">20240318135920.0</controlfield>
  <controlfield tag="008">240319m1926    pk      a     000 0 urd  </controlfield>
  <datafield tag="035" ind1=" " ind2=" ">
    <subfield code="a">(BD-RjUL)83386) </subfield>
  </datafield>
  <datafield tag="040" ind1=" " ind2=" ">
    <subfield code="a">DLC</subfield>
    <subfield code="c">DLC</subfield>
    <subfield code="d">DLC</subfield>
    <subfield code="b">eng</subfield>
  </datafield>
  <datafield tag="041" ind1=" " ind2=" ">
    <subfield code="a">urd</subfield>
  </datafield>
  <datafield tag="082" ind1=" " ind2=" ">
    <subfield code="2">23</subfield>
    <subfield code="a">891.4391</subfield>
    <subfield code="b">NUM 1926</subfield>
  </datafield>
  <datafield tag="100" ind1="0" ind2=" ">
    <subfield code="a">Nu&#x2BB;m&#x101;n&#x12B;,Shibl&#x12B;&#x646;&#x639;&#x645;&#x627;&#x646;&#x649;,  &#x634;&#x628;&#x644;&#x649;      </subfield>
    <subfield code="d">1857-1914.</subfield>
    <subfield code="9">759</subfield>
  </datafield>
  <datafield tag="245" ind1="1" ind2="0">
    <subfield code="a">&#x645;&#x642;&#x627;&#x644;&#x627;&#x62A; &#x634;&#x628;&#x644;&#x649; / Muq&#x101;l&#x101;t-i Shibl&#x12B; /</subfield>
    <subfield code="c">Maul&#x101;n&#x101; Shibl&#x12B; Nu&#x2BB;m&#x101;n&#x12B; ra&#x1E25;matull&#xE1;h ;; .&#x645;&#x648;&#x644;&#x627;&#x646;&#x627; &#x634;&#x628;&#x644;&#x649; &#x646;&#x639;&#x645;&#x627;&#x646;&#x649; &#x631;&#x62D;&#x645;&#x62A;&#x200C;&#x627;&#x644;&#x644;&#x647; &#x639;&#x644;&#x649;&#x647;.,&#x60C; , </subfield>
  </datafield>
  <datafield tag="260" ind1=" " ind2=" ">
    <subfield code="a">Lahore :</subfield>
    <subfield code="b">M. Sanaullah khan ind,</subfield>
    <subfield code="c">1926</subfield>
  </datafield>
  <datafield tag="300" ind1=" " ind2=" ">
    <subfield code="a">264 p. ;</subfield>
    <subfield code="c">18 cm.</subfield>
  </datafield>
  <datafield tag="500" ind1=" " ind2=" ">
    <subfield code="a">Essays.</subfield>
  </datafield>
  <datafield tag="942" ind1=" " ind2=" ">
    <subfield code="2">ddc</subfield>
    <subfield code="c">BK</subfield>
  </datafield>
  <datafield tag="999" ind1=" " ind2=" ">
    <subfield code="c">83386</subfield>
    <subfield code="d">83386</subfield>
  </datafield>
  <datafield tag="952" ind1=" " ind2=" ">
    <subfield code="0">0</subfield>
    <subfield code="1">0</subfield>
    <subfield code="2">ddc</subfield>
    <subfield code="4">0</subfield>
    <subfield code="7">1</subfield>
    <subfield code="8">NFIC</subfield>
    <subfield code="a">RUCL</subfield>
    <subfield code="b">RUCL</subfield>
    <subfield code="c">Reading</subfield>
    <subfield code="d">2024-03-18</subfield>
    <subfield code="l">0</subfield>
    <subfield code="o">U 891.4391 NUM 1926</subfield>
    <subfield code="r">2024-03-18 00:00:00</subfield>
    <subfield code="t">C-1</subfield>
    <subfield code="w">2024-03-18</subfield>
    <subfield code="y">BK</subfield>
  </datafield>
</record>
